Central Library OPAC University of Rajshahi

A guide to Taxila / (Record no. 22224)

MARC details
000 -LEADER
fixed length control field 00836nam a22002531 4500
001 - CONTROL NUMBER
control field 22224
003 - CONTROL NUMBER IDENTIFIER
rucl marc code BD-RjUL
005 - DATE AND TIME OF LATEST TRANSACTION
control field 20211209000800.0
008 - FIXED-LENGTH DATA ELEMENTS--GENERAL INFORMATION
fixed length control field 140306s1918 ii bef b 000 0 eng
035 ## - SYSTEM CONTROL NUMBER
System control number (BD-RjUL)22289
040 ## - CATALOGING SOURCE
Original cataloging agency DLC
Transcribing agency DLC
Modifying agency DLC
-- BD-RjUL
Language of cataloging eng
041 ## - LANGUAGE CODE
Language code of text/sound track or separate title eng
082 ## - DEWEY DECIMAL CLASSIFICATION NUMBER
Classification number 915.471
Author mark and year MAG 1918
100 1# - MAIN ENTRY--PERSONAL NAME
Personal name Marshall, John Hubert,
Dates associated with a name 1876-1958.
9 (RLIN) 68603
245 12 - TITLE STATEMENT
Title A guide to Taxila /
Statement of responsibility, etc. Sir John Marshall.
260 ## - PUBLICATION, DISTRIBUTION, ETC. (IMPRINT)
Place of publication, distribution, etc. Calcutta :
Name of publisher, distributor, etc. Superintendent government printing, India,
Date of publication, distribution, etc. 1918.
300 ## - PHYSICAL DESCRIPTION
Pagination viii, 124 p. :
Illustrations ill. , (incl. front., map, plans; (part fold.) ;
Size 21 cm.
504 ## - BIBLIOGRAPHY, ETC. NOTE
Bibliography, etc "Short bibliography": p. 119-120.
651 #0 - SUBJECT ADDED ENTRY--GEOGRAPHIC NAME
Geographic name Taxila (Extinct city)
9 (RLIN) 68604
Geographic name Taxila (Extinct city)
General subdivision Topes. [from old catalog]
9 (RLIN) 68605
942 ## - ADDED ENTRY ELEMENTS (KOHA)
Source of classification or shelving scheme Dewey Decimal Classification
Koha item type Books
Holdings
Lost status Source of classification or shelving scheme Damaged status Not for loan Collection code Permanent Location Current Location Shelving location Date acquired Source of acquisition Cost, normal purchase price Total Checkouts Full call number Date last seen Copy number Koha item type
  Dewey Decimal Classification     Non-fiction Central Library, University of Rajshahi Central Library, University of Rajshahi   02/12/1974 Nawrose 150.00   915.471 MAG 1918 06/03/2014 C-3 Books
  Dewey Decimal Classification   Added to bundle Non-fiction Central Library, University of Rajshahi Central Library, University of Rajshahi Reading Room 16/02/1957 Puthia royestate     915.471 MAG 1918 10/03/2014 C-1 Books
  Dewey Decimal Classification     Non-fiction Central Library, University of Rajshahi Central Library, University of Rajshahi   13/03/1963 Zeitlinger 15.00   915.471 MAG 1960 10/03/2014 C-3 Books